[Event "Windsor NAYCC U18"]
[Site "Windsor"]
[Date "2016.08.08"]
[Round "3.10"]
[White "Mathews, Jeremy"]
[Black "Song, Edward"]
[Result "0-1"]
[WhiteElo "1701"]
[BlackElo "2300"]
[PlyCount "60"]
[EventDate "2016.08.07"]
[EventType "swiss"]
[EventRounds "9"]
[EventCountry "CAN"]
[SourceTitle "EXT 2022"]
[Source "ChessBase"]
[SourceDate "2021.10.06"]
[SourceVersion "1"]
[SourceVersionDate "2021.10.06"]
[SourceQuality "1"]

1. e4 c5 2. Nf3 e6 3. c3 Nf6 4. e5 Nd5 5. d4 cxd4 6. cxd4 d6 7. Nc3 Nxc3 8. bxc3 Qc7 9. Bd2 Nd7 10. exd6 Bxd6 11. Bd3 b6 12. Ng5 Nf6 13. Ne4 Nxe4 14. Bxe4 Rb8 15. Qe2 0-0 16. g3 Bb7 17. 0-0 Bxe4 18. Qxe4 Rbc8 19. Rfe1 Qc4 20. Qe2 b5 21. Rab1 a6 22. Qd1 Rc6 23. Qb3 Rfc8 24. Re4 Qd3 25. d5 Rxc3 26. Bxc3 Rxc3 27. Qb2 Qxe4 28. dxe6 fxe6 29. Rd1 Rc6 30. Qd2 Bf8 0-1

[Event "CAN-ch U18"]
[Site "Windsor"]
[Date "2016.07.05"]
[Round "1.7"]
[White "Mathews, Jeremy"]
[Black "Bari, Zeeshan"]
[Result "1-0"]
[WhiteElo "1777"]
[BlackElo "1027"]
[PlyCount "43"]
[EventDate "2016.07.05"]
[EventType "swiss"]
[EventRounds "7"]
[EventCountry "CAN"]
[SourceTitle "EXT 2022"]
[Source "ChessBase"]
[SourceDate "2021.10.06"]
[SourceVersion "1"]
[SourceVersionDate "2021.10.06"]
[SourceQuality "1"]

1. e4 c5 2. Nf3 e6 3. d4 cxd4 4. Nxd4 Nc6 5. Nc3 Nf6 6. Be3 Nxd4 7. Bxd4 Be7 8. Bd3 0-0 9. 0-0 d5 10. exd5 Nxd5 11. Qg4 Nf6 12. Bxf6 Bxf6 13. Rad1 Qa5 14. Ne4 Qe5 15. Rfe1 Qxb2 16. c3 Bxc3 17. Rb1 Qa3 18. Rb3 Qa4 19. Nf6+ Bxf6 20. Qxa4 b6 21. Qe4 Rb8 22. Qxh7# 1-0